000 00305nam a2200121Ia 4500
005 20251222152625.0
008 251222s9999||||xx |||||||||||||| ||spa||
082 _a632/T54
100 _aJiri Zahradník y Chavála, Milar
245 0 _aEnciclopedia de la Ciencia Insectos
264 _bTikal
942 _cLIB
999 _c27508
_d27508